French Vocabulary Mega-Challenge #2 - Statistics

General Stats
  • This quiz has been taken 4,350 times
  • The average score is 18 of 20
Answer Stats
Hint Answer % Correct
Animal (n.) 6 Animal
98%
Terrible (adj.) 8 Terrible
98%
Bus (n.) 3 Bus
97%
Fruit (n.) 5 Fruit
97%
Generation (n.) 10 Génération
97%
Six (n.) 3 Six
97%
Television (n.) 10 Télévision
97%
Train (n.) 5 Train
97%
Canal (n.) 5 Canal
96%
Cliché (n.) 6 Cliché
96%
Direction (n.) 9 Direction
96%
Final (adj.) 5 Final
96%
Fragile (adj.) 7 Fragile
96%
Justice (n.) 7 Justice
96%
Original (adj.) 8 Original
96%
Rose (n.) 4 Rose
96%
Simple (adj.) 6 Simple
96%
Soda (n.) 4 Soda
96%
Sofa (n.) 4 Sofa
96%
Torture (n.) 7 Torture
96%
Violet (n.) 6 Violet
96%
Zone (n.) 4 Zone
96%
Accessible (adj.) 10 Accessible
95%
Applicable (adj.) 10 Applicable
95%
Attitude (n.) 8 Attitude
95%
Avenue (n.) 6 Avenue
95%
Cable (n.) 5 Cable
95%
Dollar (n.) 6 Dollar
95%
Elephant (n.) 8 Éléphant
95%
Elite (adj.) 5 Élite
95%
Fiction (n.) 7 Fiction
95%
Futile (adj.) 6 Futile
95%
Idiot (n.) 5 Idiot
95%
Lion (n.) 4 Lion
95%
Local (adj.) 5 Local
95%
Million (adj.) 7 Million
95%
Orange (adj.) 6 Orange
95%
Photo (n.) 5 Photo
95%
Piano (n.) 5 Piano
95%
Position (n.) 8 Position
95%
Presence (n.) 8 Présence
95%
Social (adj.) 6 Social
95%
Talent (n.) 6 Talent
95%
Taxi (n.) 4 Taxi
95%
Tennis (n.) 6 Tennis
95%
Tropical (adj.) 8 Tropical
95%
Visible (adj.) 7 Visible
95%
Accent (n.) 6 Accent
94%
Agent (n.) 5 Agent
94%
Banal (adj.) 5 Banal
94%
Chic (adj.) 4 Chic
94%
Danger (n.) 6 Danger
94%
Distance (n.) 8 Distance
94%
Element (n.) 7 Élément
94%
Excuse (n.) 6 Excuse
94%
Favorable (adj.) 9 Favorable
94%
Gourmet (adj.) 7 Gourmet
94%
Hotel (n.) 5 Hôtel
94%
Juvenile (adj.) 8 Juvénile
94%
Lance (n.) 5 Lance
94%
Leopard (n.) 7 Léopard
94%
Menu (n.) 4 Menu
94%
Minute (n.) 6 Minute
94%
Normal (adj.) 6 Normal
94%
Notable (adj.) 7 Notable
94%
Option (n.) 6 Option
94%
Oriental (adj.) 8 Oriental
94%
Parents (n.) 7 Parents
94%
Possible (adj.) 8 Possible
94%
Preference (n.) 10 Préférence
94%
Principal (adj.) 9 Principal
94%
Protestant (adj.) 10 Protestant
94%
Radio (n.) 5 Radio
94%
Rural (adj.) 5 Rural
94%
Sandwich (n.) 8 Sandwich
94%
Service (n.) 7 Service
94%
Source (n.) 6 Source
94%
Sport (n.) 5 Sport
94%
Temple (n.) 6 Temple
94%
Transparent (adj.) 11 Transparent
94%
Triangle (n.) 8 Triangle
94%
Tunnel (n.) 6 Tunnel
94%
Video (n.) 5 Vidéo
94%
Zoo (n.) 3 Zoo
94%
Album (n.) 5 Album
93%
Antique (adj.) 7 Antique
93%
Bikini (n.) 6 Bikini
93%
Brunette (adj.) 8 Brunette
93%
Brutal (adj.) 6 Brutal
93%
Cage (n.) 4 Cage
93%
Capable (adj.) 7 Capable
93%
Dialogue (n.) 8 Dialogue
93%
Dimension (n.) 9 Dimension
93%
Double (adj.) 6 Double
93%
Elegant (adj.) 7 Élégant
93%
Equivalent (adj.) 10 Équivalent
93%
Force (n.) 5 Force
93%
Ideal (adj.) 5 Idéal
93%
Legal (adj.) 5 Légal
93%
Marine (n.) 6 Marine
93%
Metal (n.) 5 Métal
93%
Miracle (n.) 7 Miracle
93%
Mission (n.) 7 Mission
93%
Moment (n.) 6 Moment
93%
Ocean (n.) 5 Océan
93%
Oral (adj.) 4 Oral
93%
Pause (n.) 5 Pause
93%
Police (n.) 6 Police
93%
Probable (adj.) 8 Probable
93%
Radical (adj.) 7 Radical
93%
Recent (adj.) 6 Récent
93%
Respect (n.) 7 Respect
93%
Restaurant (n.) 10 Restaurant
93%
Silence (n.) 7 Silence
93%
Station (n.) 7 Station
93%
Supplement (n.) 10 Supplément
93%
Table (n.) 5 Table
93%
Temperature (n.) 11 Température
93%
Territorial (adj.) 11 Territorial
93%
Theme (n.) 5 Thème
93%
Tolerance (n.) 9 Tolérance
93%
Turquoise (n.) 9 Turquoise
93%
Vocal (adj.) 5 Vocal
93%
Yacht (n.) 5 Yacht
93%
Accident (n.) 8 Accident
92%
Automobile (n.) 10 Automobile
92%
Bizarre (adj.) 7 Bizarre
92%
Bonus (n.) 5 Bonus
92%
Cactus (n.) 6 Cactus
92%
Cancer (n.) 6 Cancer
92%
Cassette (n.) 8 Cassette
92%
Champion (n.) 8 Champion
92%
Cinema (n.) 6 Cinéma
92%
Colonel (n.) 7 Colonel
92%
Conference (n.) 10 Conférence
92%
Confusion (n.) 9 Confusion
92%
Costume (n.) 7 Costume
92%
Creation (n.) 8 Création
92%
Desert (n.) 6 Désert
92%
Entrepreneur (n.) 12 Entrepreneur
92%
Excellent (adj.) 9 Excellent
92%
Expert (n.) 6 Expert
92%
Famine (n.) 6 Famine
92%
Figure (n.) 6 Figure
92%
Film (n.) 4 Film
92%
Glacier (n.) 7 Glacier
92%
Global (adj.) 6 Global
92%
Handicap (n.) 8 Handicap
92%
Heroine (n.) 7 Héroïne
92%
Horizon (n.) 7 Horizon
92%
Horrible (adj.) 8 Horrible
92%
Illegal (adj.) 7 Illégal
92%
Initiative (n.) 10 Initiative
92%
Instrument (n.) 10 Instrument
92%
Invasion (n.) 8 Invasion
92%
Jazz (n.) 4 Jazz
92%
Mental (adj.) 6 Mental
92%
Minimal (adj.) 7 Minimal
92%
Nature (n.) 6 Nature
92%
Offensive (n.) 9 Offensive
92%
Patience (n.) 8 Patience
92%
President (n.) 9 Président
92%
Prison (n.) 6 Prison
92%
Profit (n.) 6 Profit
92%
Province (n.) 8 Province
92%
Ratio (n.) 5 Ratio
92%
Regiment (n.) 8 Régiment
92%
Residence (n.) 9 Résidence
92%
Route (n.) 5 Route
92%
Royal (adj.) 5 Royal
92%
Sanction (n.) 8 Sanction
92%
Science (n.) 7 Science
92%
Sensation (n.) 9 Sensation
92%
Special (adj.) 7 Spécial
92%
Statue (n.) 6 Statue
92%
Style (n.) 5 Style
92%
Suicide (n.) 7 Suicide
92%
Surprise (n.) 8 Surprise
92%
Unique (adj.) 6 Unique
92%
Version (n.) 7 Version
92%
Vision (n.) 6 Vision
92%
Webcam (n.) 6 Webcam
92%
Zero (n.) 4 Zéro
92%
Ambulance (n.) 9 Ambulance
91%
Article (n.) 7 Article
91%
Assassin (n.) 8 Assassin
91%
Camera (n.) 6 Caméra
91%
Campus (n.) 6 Campus
91%
Cause (n.) 5 Cause
91%
Clique (n.) 6 Clique
91%
Code (n.) 4 Code
91%
Collection (n.) 10 Collection
91%
Concert (n.) 7 Concert
91%
Conscience (n.) 10 Conscience
91%
Correct (adj.) 7 Correct
91%
Corruption (n.) 10 Corruption
91%
Cousin (n.) 6 Cousin
91%
Decent (adj.) 6 Décent
91%
Decision (n.) 8 Décision
91%
Division (n.) 8 Division
91%
Election (n.) 8 Élection
91%
Emotion (n.) 7 Émotion
91%
Evolution (n.) 9 Évolution
91%
Exact (adj.) 5 Exact
91%
Extension (n.) 9 Extension
91%
Extreme (adj.) 7 Extrême
91%
Fatal (adj.) 5 Fatal
91%
Fatigue (n.) 7 Fatigue
91%
Festival (n.) 8 Festival
91%
Frequent (adj.) 8 Fréquent
91%
Fusion (n.) 6 Fusion
91%
General (adj.) 7 Général
91%
Ghetto (n.) 6 Ghetto
91%
Heritage (n.) 8 Héritage
91%
Hesitation (n.) 10 Hésitation
91%
Hypocrite (n.) 9 Hypocrite
91%
Imagination (n.) 11 Imagination
91%
Kayak (n.) 5 Kayak
91%
Lieutenant (n.) 10 Lieutenant
91%
Machine (n.) 7 Machine
91%
Obstacle (n.) 8 Obstacle
91%
Parachute (n.) 9 Parachute
91%
Pardon (n.) 6 Pardon
91%
Passion (n.) 7 Passion
91%
Pension (n.) 7 Pension
91%
Piranha (n.) 7 Piranha
91%
Prince (n.) 6 Prince
91%
Profession (n.) 10 Profession
91%
Quota (n.) 5 Quota
91%
Rival (n.) 5 Rival
91%
Robot (n.) 5 Robot
91%
Routine (n.) 7 Routine
91%
Support (n.) 7 Support
91%
Supreme (adj.) 7 Suprême
91%
Surplus (n.) 7 Surplus
91%
Telephone (n.) 9 Téléphone
91%
Terminal (n.) 8 Terminal
91%
Tradition (n.) 9 Tradition
91%
Valve (n.) 5 Valve
91%
Verbal (adj.) 6 Verbal
91%
Village (n.) 7 Village
91%
Vital (adj.) 5 Vital
91%
Xylophone (n.) 9 Xylophone
91%
Zombie (n.) 6 Zombie
91%
Adoption (n.) 8 Adoption
90%
Alliance (n.) 8 Alliance
90%
Alphabet (n.) 8 Alphabet
90%
Amateur (n.) 7 Amateur
90%
Apparent (adj.) 8 Apparent
90%
Architecture (n.) 12 Architecture
90%
Banjo (n.) 5 Banjo
90%
Banquet (n.) 7 Banquet
90%
Barrage (n.) 7 Barrage
90%
Bouquet (n.) 7 Bouquet
90%
Brave (n.) 5 Brave
90%
Bulletin (n.) 8 Bulletin
90%
Cigarette (n.) 9 Cigarette
90%
Cohesion (n.) 8 Cohésion
90%
Competent (adj.) 9 Compétent
90%
Condition (n.) 9 Condition
90%
Confetti (n.) 8 Confetti
90%
Constant (adj.) 8 Constant
90%
Courage (n.) 7 Courage
90%
Creature (n.) 8 Créature
90%
Credit (n.) 6 Crédit
90%
Definition (n.) 10 Définition
90%
Destination (n.) 11 Destination
90%
Detail (n.) 6 Détail
90%
Dragon (n.) 6 Dragon
90%
Effort (n.) 6 Effort
90%
Empire (n.) 6 Empire
90%
Episode (n.) 7 Épisode
90%
Expansion (n.) 9 Expansion
90%
Experience (n.) 10 Expérience
90%
Exploit (n.) 7 Exploit
90%
Fortune (n.) 7 Fortune
90%
Fraction (n.) 8 Fraction
90%
Globe (n.) 5 Globe
90%
Golf (n.) 4 Golf
90%
Hamster (n.) 7 Hamster
90%
Hostile (adj.) 7 Hostile
90%
Inflation (n.) 9 Inflation
90%
Influence (n.) 9 Influence
90%
Injustice (n.) 9 Injustice
90%
Innocent (adj.) 8 Innocent
90%
Instant (n.) 7 Instant
90%
Integral (adj.) 8 Intégral
90%
Intelligent (adj.) 11 Intelligent
90%
Invitation (n.) 10 Invitation
90%
Jaguar (n.) 6 Jaguar
90%
Journal (n.) 7 Journal
90%
Jungle (n.) 6 Jungle
90%
Legion (n.) 6 Légion
90%
Logo (n.) 4 Logo
90%
Missile (n.) 7 Missile
90%
Musical (adj.) 7 Musical
90%
Operation (n.) 9 Opération
90%
Optimal (adj.) 7 Optimal
90%
Participant (n.) 11 Participant
90%
Pigeon (n.) 6 Pigeon
90%
Provincial (adj.) 10 Provincial
90%
Radar (n.) 5 Radar
90%
Record (n.) 6 Record
90%
Refuge (n.) 6 Refuge
90%
Region (n.) 6 Région
90%
Regret (n.) 6 Regret
90%
Saint (n.) 5 Saint
90%
Satellite (n.) 9 Satellite
90%
Scenario (n.) 8 Scénario
90%
Signature (n.) 9 Signature
90%
Situation (n.) 9 Situation
90%
Sprint (n.) 6 Sprint
90%
Surface (n.) 7 Surface
90%
Synopsis (n.) 8 Synopsis
90%
Tribune (n.) 7 Tribune
90%
Violence (n.) 8 Violence
90%
Virus (n.) 5 Virus
90%
Alternative (n.) 11 Alternative
89%
Argument (n.) 8 Argument
89%
Atlas (n.) 5 Atlas
89%
Atmosphere (n.) 10 Atmosphère
89%
Base (n.) 4 Base
89%
Budget (n.) 6 Budget
89%
Cabinet (n.) 7 Cabinet
89%
Chaos (n.) 5 Chaos
89%
Client (n.) 6 Client
89%
Colonial (adj.) 8 Colonial
89%
Couple (n.) 6 Couple
89%
Culture (n.) 7 Culture
89%
Cyclone (n.) 7 Cyclone
89%
Difference (n.) 10 Difference
89%
Dynamite (n.) 8 Dynamite
89%
Emission (n.) 8 Émission
89%
Extra (adj.) 5 Extra
89%
Federal (adj.) 7 Fédéral
89%
Grain (n.) 5 Grain
89%
Incident (n.) 8 Incident
89%
Interview (n.) 9 Interview
89%
Invisible (adj.) 9 Invisible
89%
Jeans (n.) 5 Jeans
89%
Litre (n.) 5 Litre
89%
Macabre (adj.) 7 Macabre
89%
Marginal (adj.) 8 Marginal
89%
Mars (n.) 4 Mars
89%
Militant (adj.) 8 Militant
89%
Monument (n.) 8 Monument
89%
Municipal (adj.) 9 Municipal
89%
Muscle (n.) 6 Muscle
89%
National (adj.) 8 National
89%
Naval (adj.) 5 Naval
89%
Nectarine (n.) 9 Nectarine
89%
Notion (n.) 6 Notion
89%
Nuance (n.) 6 Nuance
89%
Pertinent (adj.) 9 Pertinent
89%
Petition (n.) 8 Pétition
89%
Pollution (n.) 9 Pollution
89%
Portable (n.) 8 Portable
89%
Portrait (n.) 8 Portrait
89%
Public (n.) 6 Public
89%
Question (n.) 8 Question
89%
Rage (n.) 4 Rage
89%
Reservoir (n.) 9 Réservoir
89%
Selection (n.) 9 Sélection
89%
Sincere (adj.) 7 Sincère
89%
Slogan (n.) 6 Slogan
89%
Solitude (n.) 8 Solitude
89%
Solution (n.) 8 Solution
89%
Studio (n.) 6 Studio
89%
Trampoline 10 Trampoline
89%
Vampire (n.) 7 Vampire
89%
Via (prep.) 3 Via
89%
Vibrant (adj.) 7 Vibrant
89%
Violent (adj.) 7 Violent
89%
Volume (n.) 6 Volume
89%
Vulnerable (adj.) 10 Vulnérable
89%
Yoga (n.) 4 Yoga
89%
Zinc (n.) 4 Zinc
89%
Action (n.) 6 Action
88%
Adolescent (n.) 10 Adolescent
88%
Altitude (n.) 8 Altitude
88%
Ambition (n.) 8 Ambition
88%
Avalanche (n.) 9 Avalanche
88%
Baton (n.) 5 Bâton
88%
Caramel (n.) 7 Caramel
88%
Certain (adj.) 7 Certain
88%
Clause (n.) 6 Clause
88%
Convention (n.) 10 Convention
88%
Critique (v.) 8 Critique
88%
Crocodile (n.) 9 Crocodile
88%
Cruel (adj.) 5 Cruel
88%
Different (adj.) 9 Différent
88%
Duel (n.) 4 Duel
88%
Echo (n.) 4 Écho
88%
Embargo (n.) 7 Embargo
88%
Evidence (n.) 8 Évidence
88%
Existence (n.) 9 Existence
88%
Floral (adj.) 6 Floral
88%
Forum (n.) 5 Forum
88%
Gallon (n.) 6 Gallon
88%
Garage (n.) 6 Garage
88%
Genocide (n.) 8 Génocide
88%
Graffiti (n.) 8 Graffiti
88%
Guide (n.) 5 Guide
88%
Ignorance (n.) 9 Ignorance
88%
Illusion (n.) 8 Illusion
88%
Immense (adj.) 7 Immense
88%
Impatience (n.) 10 Impatience
88%
Importance (n.) 10 Importance
88%
Instinct (n.) 8 Instinct
88%
Intact (adj.) 6 Intact
88%
Liberal (adj.) 7 Libéral
88%
Noble (adj.) 5 Noble
88%
Note (n.) 4 Note
88%
Objection (n.) 9 Objection
88%
Olive (n.) 5 Olive
88%
Peril (n.) 5 Péril
88%
Pirate (n.) 6 Pirate
88%
Qualification (n.) 13 Qualification
88%
Reference (n.) 9 Référence
88%
Sauna (n.) 5 Sauna
88%
Secret (n.) 6 Secret
88%
Suspect (n.) 7 Suspect
88%
Syndrome (n.) 8 Syndrome
88%
Union (n.) 5 Union
88%
Vigilant (adj.) 8 Vigilant
88%
Vote (n.) 4 Vote
88%
Abdomen (n.) 7 Abdomen
87%
Allusion (n.) 8 Allusion
87%
Anaconda (n.) 8 Anaconda
87%
Assistant (n.) 9 Assistant
87%
Canyon (n.) 6 Canyon
87%
Catastrophe (n.) 11 Catastrophe
87%
Continent (n.) 9 Continent
87%
Crime (n.) 5 Crime
87%
Distinct (adj.) 8 Distinct
87%
Doctrine (n.) 8 Doctrine
87%
Dose (n.) 4 Dose
87%
Equitable (adj.) 9 Équitable
87%
Execution (n.) 9 Exécution
87%
Explosion (n.) 9 Explosion
87%
Fiasco (n.) 6 Fiasco
87%
Fiscal (adj.) 6 Fiscal
87%
Format (n.) 6 Format
87%
Loyal (adj.) 5 Loyal
87%
Massacre (n.) 8 Massacre
87%
Maximum (n.) 7 Maximum
87%
Navigation (n.) 10 Navigation
87%
Obsession (n.) 9 Obsession
87%
Occupant (n.) 8 Occupant
87%
Pale (adj.) 4 Pâle
87%
Phase (n.) 5 Phase
87%
Privilege (n.) 9 Privilège
87%
Protection (n.) 10 Protection
87%
Rebellion (n.) 9 Rébellion
87%
Rectangle (n.) 9 Rectangle
87%
Religion (n.) 8 Religion
87%
Signal (n.) 6 Signal
87%
Structure (n.) 9 Structure
87%
Transit (n.) 7 Transit
87%
Triple (adj.) 6 Triple
87%
Urgent (adj.) 6 Urgent
87%
Variation (n.) 9 Variation
87%
Verdict (n.) 7 Verdict
87%
Absence (n.) 7 Absence
86%
Brigade (n.) 7 Brigade
86%
Coherent (adj.) 8 Cohérent
86%
Coincidence (n.) 11 Coïncidence
86%
Detention (n.) 9 Détention
86%
Divorce (n.) 7 Divorce
86%
Dominant (adj.) 8 Dominant
86%
Impact (n.) 6 Impact
86%
Interlude (n.) 9 Interlude
86%
Maritime (adj.) 8 Maritime
86%
Motion (n.) 6 Motion
86%
Stable (adj.) 6 Stable
86%
Sublime (adj.) 7 Sublime
86%
Vacant (adj.) 6 Vacant
86%
Vague (adj.) 5 Vague
86%
Variable (n.) 8 Variable
86%
Bilateral (adj.) 9 Bilatéral
85%
Finance (n.) 7 Finance
85%
Jury (n.) 4 Jury
85%
Portion (n.) 7 Portion
85%
Reptile (n.) 7 Reptile
85%
Role (n.) 4 Rôle
85%
Script (n.) 6 Script
85%
Sequence (n.) 8 Séquence
85%
Sphere (n.) 6 Sphère
85%
Aptitude (n.) 8 Aptitude
84%
Credible (adj.) 8 Crédible
84%
Discretion (n.) 10 Discrétion
84%
Mediocre (adj.) 8 Médiocre
84%
Potion (n.) 6 Potion
84%
Substance (n.) 9 Substance
84%
Vertical (adj.) 8 Vertical
84%
Athlete (n.) 7 Athlète
83%
Discipline (n.) 10 Discipline
83%
Sacrifice (n.) 9 Sacrifice
83%
Vestige (n.) 7 Vestige
83%
Durable (adj.) 7 Durable
78%
No matching quizzes found
Score Distribution
Percent of People with Each Score
Percentile by Number Answered
Your Score History
You have not taken this quiz